Aventuras matemáticas /

Guardado en:
Autor Principal: Cagliero, Leandro
Otros Autores: Penazzi, Daniel, Rossetti, Juan Pablo, Sustar, Ana, Tirao, Paulo
Formato: Libro
Publicado: Buenos Aires : Ministerio de Educación, 2010
Series:Colección Las ciencias naturales y la matemática
Materias:
Etiquetas: Agregar Etiqueta
Sin Etiquetas, Sea el primero en etiquetar este registro!
LEADER 01080nam a22002775a 4500
001 CEM.cems013528
005 20110426084916.0
008 130507s2010##################000#0#####d
003 CEMS
020 |a 9789500007757 
082 0 4 |a 510.7 
100 1 |a Cagliero, Leandro 
245 1 0 |a Aventuras matemáticas /  |c Leandro Cagliero ... [et Al.] 
260 |a Buenos Aires :  |b Ministerio de Educación,  |c 2010 
300 |a 216 p. 
490 0 |a Colección Las ciencias naturales y la matemática 
500 |a Para nivel Educación Secundaria Básica 
505 0 |a Los maravillosos números primos / Leandro Cagliero -- Contar sin enumerar / Ana Sustar -- Una aventura por el infinito / Juan Pablo Rossetti -- La aritmética de los relojes / Paulo Tirao -- Criptografía / Daniel Penazzi 
653 |a Matemática 
653 |a Matemática-esb 
653 |a Matemática-educación secundaria básica 
700 1 |a Penazzi, Daniel 
700 1 |a Rossetti, Juan Pablo 
700 1 |a Sustar, Ana 
700 1 |a Tirao, Paulo 
859 |a CEMS  |b BIB. CEMS - 11 de abril  |h 510.7  |i C117  |p 26148.11  |t Ej.1